000 00549cam a2200205ua 4500
020 _a0-07-113532-4
041 _aeng
_h
082 _a005.133
_bMay/TH
100 _aMayo , William E .
245 _aTheory and problems of programming with Fortran 77 /
_cWilliam E Mayo.
_hTextual Documents
260 _aNew york :
_bMc-Graw -hill ,
_c1995.
300 _a346 ; .
500 _a18930, 18931, 18932 CSS
504 _a
700 1 _aCwiakala, Martin .
942 _cBK
999 _c2769
_d2769